LEADER 01065nam a2200241 i 4500 001 000000210714 003 CaOOAMICUS 005 20250827100649.0 008 120208s1907 it u000 u mul u 013 $a189527 040 $aSeMil$bita 245 10$aEpinici, ditirambi e frammenti /$ccon introduzione, comento e appendice critica di Angelo Taccone. 260 $aTorino [etc.] :$bE. Loescher,$c1907$f(Tip. Vincenzo Bona) 300 $aLI, 218 p. ;$c21 cm. 490 0 $aCollezione di classici greci e latini con note italiane 700 1 $aTaccone, Angelo <1878-1952>.$0(OLS)http://semarc/name/65349 700 0 $aBacchylides.$0(OLS)http://semarc/name/60116 830 0$aCollezione di classici greci e latini con note italiane.$0(OLS)http://semarc/title/8529 850 $aSeMil 852 $aSeMil$W1$xVenegono$y1$m1X II 5 FA$j161161$B161161$CSeMilBibl$Z2$F172323 $8I 996 $6245$aEpinici, ditirambi e frammenti$9(OLS)http://semarc/title/304521 996 $6260$aTorino [etc.] :$bE. Loescher$9(OLS)http://semarc/publisher/40508 LEADER 01358nam a2200289 4500 001 000000356008 003 CaOOAMICUS 005 20231115122319.0 008 231103s2018 it 000 u ita r 020 $a978-88-6898-170-9 040 $aSeMil$bita 100 1 $aMarmorini, Gianni.$0(OLS)http://semarc/name/118611 245 10$aIsacco :$bil figlio imperfetto /$cGianni Marmorini ; prefazione di Massimo Grilli. 264 1$aTorino :$bClaudiana,$c2018. 300 $a221 p. ;$c21 cm 490 1 $aPiccola biblioteca teologica ;$v130 600 04$aIsacco .$0(OLS)http://semarc/subject/47248 650 4$aBibbia. Antico Testamento. Genesi - Commentari, studi, critica, interpretazioni.$0(OLS)http://semarc/subject/344 700 1 $aGrilli, Massimo.$0(OLS)http://semarc/name/41684 830 0$aPiccola biblioteca teologica ;$v130.$0(OLS)http://semarc/title/5954 850 $aSeMil 852 $aSeMil$W1$xVenegono$y1$m2V III 18$j244791$B247182$CSeMilBibl$Z2$F247182 $81 961 $aBiblioteca FTIS (Facoltà Teologica dell'Italia Settentrionale) ? Omaggio 996 $6020$a978-88-6898-170-9$9(OLS)http://semarc/number/299215 996 $6245$aIsacco :$bil figlio imperfetto$9(OLS)http://semarc/title/446229 996 $6264$aTorino :$bClaudiana$9(OLS)http://semarc/publisher/29837